000 003020000a22001330004500
003 MACL
040 _aMACL
090 _c9025
_d9024
100 _aGopal, S.
245 _aSelected wosrks of Jawaharlal Nehru
_bVol 12
260 _bOrient Longman
_c1981
650 _aGenral Collection
942 _cBOOK
_k080
999 _c8970
_d8970